Vytváranie siete spotrebiteľov v prípade monopolu

Stratégia tvorby siete spotrebiteľov, ktorá zjednodušene opisuje uvedenú stratégiu v prípade dvoch firiem na trhu - už etablovaného dodávateľa a novej firmy. Následne prijíma predpoklad iba jedného dodávateľa - monopolnej firmy, skúma jej cenové stratégie pre prípad dokonalej cenovej diskriminácie.

Guardado en:
Detalles Bibliográficos
Autor principal: Grisáková, Nora, 1978-
Formato: Capítulo de libro
Lenguaje:eslovaco
Materias:
Etiquetas: Agregar Etiqueta
Sin Etiquetas, Sea el primero en etiquetar este registro!

MARC

LEADER 00000nla a2200000 4500
001 0163549
005 20240603075715.5
041 0 |a slo 
044 |a SK 
245 1 0 |a Vytváranie siete spotrebiteľov v prípade monopolu  |c Nora Grisáková 
520 |a Stratégia tvorby siete spotrebiteľov, ktorá zjednodušene opisuje uvedenú stratégiu v prípade dvoch firiem na trhu - už etablovaného dodávateľa a novej firmy. Následne prijíma predpoklad iba jedného dodávateľa - monopolnej firmy, skúma jej cenové stratégie pre prípad dokonalej cenovej diskriminácie. 
610 2 0 |a monopoly 
610 2 0 |a odvetvia sieťové 
610 2 0 |a modely rovnováhy 
610 2 0 |a efektívnosť ekonomická 
610 2 0 |a konkurencia 
610 2 0 |a ceny monopolné 
610 2 0 |a spotrebitelia 
100 1 |a Grisáková, Nora, 1978-